1444 1895 1743 1615 1331 1694 1408 1362 1089 1998 1522 1581 1540 1927 1701 1330 1947 1396 1088 1603 1258 1215 1645 1260 1077 1060 1522 1187 1613 1143 1649 1457 1700 1286 1865 1207 1184 1789 1000 1564 1306 1677 1265 1891 1978 1191 1509 1222 1502 1997 1397 1489 1628 1411 1326 1706 1600 1462 1247 1744 1387 1852 1583 1104 1583 1451 1306 1561 1217 1562 1948 1176 1651 1413 1991 1122 1091 1274 1047 1759 1480 1609 1149 1719 1142 1910 1549 1638 1725 1097 1207 1092 1192 1973 1745 1870 1940 1011 1649 BCNSPRNW ULIB Ver.6.0+V

เปลี่ยนเป็นภาษาไทย

Change to English
 แสดงรายละเอียดบรรณานุกรม
  กลับหน้าหลัก

Brief Record : Get Marc (ISO 2709) : E-mail record : QR code < ปิดหน้าต่าง
LEADER : 00000nam 2200000uu 4500
001    13399127657
003     ULIB
008    210315s2563||||th 000 0 tha d
020    ^a9786164434141
060    ^aWY152.5^bม647
100    ^aสุวรรณี สิริเลิศตระกูล,^eบรรณาธิการ
245    ^aมาตรฐานการปฏิบัติการพยาบาลคลินิก : การดูแลผู้ป่วยคาสายสวนหลอดเลือดดำส่วนกลาง =^bStandard of clinical nursing practice : central venous access devices care /^cบรรณาธิการโดย สุวรรณี สิริเลิศตระกูล, วัลลภัทร์ จันทร์ขจร.
250    ^aพิมพ์ครั้งที่ 1
260    ^aกรุงเทพฯ :^bองค์กรการบริหารการพยาบาล คณะแพทยศาสตร์โรงพยาบาลรามาธิบดี มหาวิทยาลัยมหิดล,^c2563
300    ^a99 หน้า^bภาพประกอบ
650    ^aการใช้สายสวนหลอดเลือดดำส่วนกลาง -- การพยาบาล
650    ^aการใช้สายสวนหลอดเลือดดำส่วนกลาง -- วิธีการ
650    ^aการปฏิบัติการพยาบาลคลินิก^xมาตรฐาน
650    ^aผู้ป่วยคาสายสวนหลอดเลือดดำส่วนกลาง^xการดูแล
700    ^aวัลลภัทร์ จันทร์ขจร,^eบรรณาธิการ
710    ^aมหาวิทยาลัยมหิดล.^bคณะแพทยศาสตร์โรงพยาบาลรามาธิบดี.
945    ^p400^l0^i28716
945    ^p400^l0^i28717
945    ^p400^l0^i28718
945    ^p400^l0^i28719
945    ^p400^l0^i28720
945    ^p400^l0^i28721
945    ^p400^l0^i28722
945    ^p400^l0^i28723
945    ^p400^l0^i28724
945    ^p400^l0^i28725
999    ^aกัณชพร จุลอักษร
รายการนี้ยังไม่มีแท็ก
คุณยังไม่ได้ล็อกอิน คุณสามารถมีกิจกรรมร่วมกับเว็บไซต์ได้ แต่ต้องล็อกอินก่อน ::
  ล็อกอิน

รายการสื่อสารสนเทศ

ลำดับที่ ประเภท เลขเรียก/บาร์โค้ด สถานที่ สถานะ
1. หนังสือสำรอง
หนังสือสำรอง
WY152.5 ม647 ฉ.1 
  Barcode: 28716
ห้องสมุดวิทยาเขตนครสวรรค์
►หนังสือทั่วไป:l:General Books
บนชั้น
2. วิทยาศาสตร์การแพทย์ และสุขภาพ
วิทยาศาสตร์การแพทย์ และสุขภาพ
WY152.5 ม647 ฉ.10 
  Barcode: 28725
ห้องสมุดวิทยาเขตนครสวรรค์
►หนังสือทั่วไป:l:General Books
บนชั้น
3. วิทยาศาสตร์การแพทย์ และสุขภาพ
วิทยาศาสตร์การแพทย์ และสุขภาพ
WY152.5 ม647 ฉ.2 
  Barcode: 28717
ห้องสมุดวิทยาเขตนครสวรรค์
►หนังสือทั่วไป:l:General Books
บนชั้น
4. วิทยาศาสตร์การแพทย์ และสุขภาพ
วิทยาศาสตร์การแพทย์ และสุขภาพ
WY152.5 ม647 ฉ.3 
  Barcode: 28718
ห้องสมุดวิทยาเขตนครสวรรค์
►หนังสือทั่วไป:l:General Books
บนชั้น
5. วิทยาศาสตร์การแพทย์ และสุขภาพ
วิทยาศาสตร์การแพทย์ และสุขภาพ
WY152.5 ม647 ฉ.4 
  Barcode: 28719
ห้องสมุดวิทยาเขตนครสวรรค์
►หนังสือทั่วไป:l:General Books
บนชั้น
6. วิทยาศาสตร์การแพทย์ และสุขภาพ
วิทยาศาสตร์การแพทย์ และสุขภาพ
WY152.5 ม647 ฉ.5 
  Barcode: 28720
ห้องสมุดวิทยาเขตนครสวรรค์
►หนังสือทั่วไป:l:General Books
บนชั้น
7. วิทยาศาสตร์การแพทย์ และสุขภาพ
วิทยาศาสตร์การแพทย์ และสุขภาพ
WY152.5 ม647 ฉ.6 
  Barcode: 28721
ห้องสมุดวิทยาเขตนครสวรรค์
►หนังสือทั่วไป:l:General Books
บนชั้น
8. วิทยาศาสตร์การแพทย์ และสุขภาพ
วิทยาศาสตร์การแพทย์ และสุขภาพ
WY152.5 ม647 ฉ.7 
  Barcode: 28722
ห้องสมุดวิทยาเขตนครสวรรค์
►หนังสือทั่วไป:l:General Books
บนชั้น
9. วิทยาศาสตร์การแพทย์ และสุขภาพ
วิทยาศาสตร์การแพทย์ และสุขภาพ
WY152.5 ม647 ฉ.8 
  Barcode: 28723
ห้องสมุดวิทยาเขตนครสวรรค์
►หนังสือทั่วไป:l:General Books
บนชั้น
10. วิทยาศาสตร์การแพทย์ และสุขภาพ
วิทยาศาสตร์การแพทย์ และสุขภาพ
WY152.5 ม647 ฉ.9 
  Barcode: 28724
ห้องสมุดวิทยาเขตนครสวรรค์
►หนังสือทั่วไป:l:General Books
บนชั้น

รายการใกล้เคียง
    หัวเรื่อง [การใช้สายสวนหลอดเลือดดำส่วนกลาง -- การพยาบาล]
    หัวเรื่อง [การใช้สายสวนหลอดเลือดดำส่วนกลาง -- วิธีการ]

BibComment


ยังไม่เคยถูกคอมเมนท์

คอมเมนท์ทรัพยากรรายการนี้
  คอมเมนท์: มาตรฐานการปฏิบัต..


 Copyright 2026. Bcnsprnw @Library